| 000 | 00000nam##2200000za#4500 |
| 001 | 9.572277 |
| 003 | CaOODSP |
| 005 | 20210624183135 |
| 007 | cr ||||||||||| |
| 008 | 150406|2000||||xxc|||||o f|0| 0 eng|d |
| 040 | |aCaOODSP|beng |
| 043 | |an-cn--- |
| 086 | 1 |aNH18-22/100-106E-PDF |
| 110 | 2 |aCanada Mortgage and Housing Corporation. |
| 245 | 10|aField tests of ventilation systems installed to meet the 1993 OBC and 1995 NBC |h[electronic resource] |
| 260 | |aOttawa - Ontario : |bCanada Mortgage and Housing Corporation |c[2000]. |
| 300 | |a4p. |
| 490 | 1 |aResearch highlight. Technical series |v00-106 |
| 590 | |a11-29-Supp|b2011-11-25 |
| 690 | 07|aAir quality|2gcpds |
| 690 | 07|aHeating|2gcpds |
| 690 | 07|aHousing|2gcpds |
| 690 | 07|aConstruction industry|2gcpds |
| 775 | 08|tEssais sur place de systèmes de ventilation installés en conformité avec l'OBC de 1993 et le CNB de 1995 |w(CaOODSP)9.602657 |
| 776 | 0#|tField tests of ventilation systems installed to meet the 1993 OBC and 1995 NBC |w(CaOODSP)9.615551 |
| 830 | #0|aResearch highlight. Technical series ;|v00-106|w(CaOODSP)9.504482 |
| 856 | 40|ahttp://publications.gc.ca|qPDF|s100 KB|uhttps://publications.gc.ca/collections/Collection/NH18-22-100-106E.pdf|y00-106 |